| 000 | 01211nam0a2200337 i 4500 | ||
|---|---|---|---|
| 001 | RU\NLR\BIBL_A\010814539 | ||
| 005 | 20260405061710.0 | ||
| 010 |
_a9785444429013 _95000 |
||
| 021 |
_aRU _b2015-48907 _92904 |
||
| 035 | _a(NILC)RuMoRGB-007969302 | ||
| 035 | _a(NLR Aleph) 010814539 | ||
| 090 |
_a10217894 _c10217894 |
||
| 100 | _a20150807d2015 u y0rusy50 ca | ||
| 101 | 0 | _arus | |
| 102 | _aRU | ||
| 105 | _ay|||z||||||a| | ||
| 200 | 1 |
_aТри лица Януса _e[роман, повести] _fСтанислав Гагарин |
|
| 210 |
_aМосква _cВече _d2015 |
||
| 215 |
_a462, [1] с. _d21 |
||
| 225 | 1 | _aКоллекция Военных приключений | |
| 327 | 1 | _aСодерж.: Три лица Януса ; Несчастный случай ; Бремя обвинения ; Черный занавес | |
| 333 | _a12+ | ||
| 686 | 2 | _aШ6(2=Р)75-446 | |
| 700 | 1 |
_8rus _7ca _aГагарин _bС.С. _f1935-1993 _gСтанислав Семенович _3RU\NLR\AUTH\7720670 _93737 |
|
| 801 | 0 |
_aRU _bРГБ _c20150706 _gRCR |
|
| 801 | 1 |
_aRU _bРГБ _c20150706 _2rusmarc |
|
| 942 | _cBOOK | ||
| 980 | _aNBR | ||